HCHS Literary Periods, Groups, and Movements Quiz Stats

 Plays Quiz not verified by Sporcle

Challenge
Share
Tweet
Embed
Score 0/26 Timer 05:00
0 Plays Today
Hint Answer % Correct
1798-1870 A.D./ Willliam Wordsworth, Mary Shelley, Lord Byron, Herman Melville, Nathaniel Hawthorne, Walt Whitman/ Focus on emotion, nature, feelings, and imaginationRomanticism
72.5%
1700-1800 A.D./ Benjamin Franklin, Diderot, Voltaire, Thomas Hobbes, John Locke, Rousseau/ Period of new religious and philosophical thinkingEnlightenment
62.4%
1830-1860 A.D./ Henry David Thoreau, Raplh Waldo Emerson, Margaret Fuller/ believed that society and its institutions ultimately corrupted the purity of the individualTranscendentalism
60.6%
1820-1920 A.D./ Flaubert, Honoré de Balzac, Ivan Turgenev/ Focus on the real details and aspects of lifeRealism
59.6%
1500-1670 A.D./ Shakespeare, Edmund Spenser, John Milton/ Rebirth of classic literature, Focus on human potentialRenaissance
56%
500-1500 A.D/ Beowulf, The Song of Roland, Chaucer (Canterbury Tales), The Story of VolsungsMedieval
53.2%
Group of poets living in the ______ District of England. Includes William Wordsworth, Samuel Taylor Coleridge, and Robert SoutheyLake Poets
51.4%
1945-1965 A.D./ Alan Ginsberg, John Kerouac, William BorroughsBeat Generation
50.5%
1850- Present/ Sartre, Camus, BeckettExistentialism
46.8%
1910-1965 A.D./ Franz Kafka, T.S. Eliot, Fitzgerald, Williamd Butler Yeats, Ernest Hemingway, William FaulknerModernism
44%
Langston Hughes, Countee Cullen, Claude McKay, Helene Johnson, Zora Neale Hurston, Nella Larsen, Jean ToomerHarlem Renaissance
42.2%
1837-1901 A.D./ Bronte Sisters, Alfred Lord Tennyson, Dostoevsky, George EliotVictorian
41.3%
1965-Present/ David Antin, Charles Olson, John Cage /Deconstruction and Post-structuralismPost-Modernism
41.3%
Hint Answer % Correct
Philosophized by Søren Kierkegaard/ Franz Kafka, Luigi Pirandello, Albert Camus, Eugène Ionesco, Samuel Beckett, Harold Pinter, Edward Albee, Tom RobbinsAbsurdism
36.7%
Lautréamont, Arthur Rimbaud, Raymond Roussel, André Breton, Salvador Dalí, Robert Desnos, Marcel Duchamp, Michel Leiris, Benjamin PeretSurrealism
36.7%
Ayn Rand, Nathaniel Branden, Barbara Branden, Alan Greenspan, Leonard PeikoffObjectivism
36.7%
1903-1964 A.D./ Woolf, Keynes, ForsterBloomsbury Group
35.8%
Group of American poets including Longfellow, Holmes, Bryant, Lowell, and WhittierFireside Poets
33.9%
John Donne, George Herbert, Andrew Marvell, Abraham Cowley, Saint Robert Southwell, Richard Crashaw, Thomas Traherne, Henry VaughanMetaphysical Poets
33.9%
School of 17th century English poets including Ben Jonson, Robert Herrick, Richard Lovelace, Thomas Carew, and Sir John SucklingCavalier Poets
31.2%
16th-century French Renaissance poets/Ronsard, du Bellay, de BaifThe Pleiade
30.6%
Bei Dao, Gu Cheng, Duo Duo, Yang LianMisty Poets
22.9%
Charles Baudelaire, Jean Moréas, Rimbaud, Stéphane Mallarmé, Marceline Desbordes-Valmore, Gérard de Nerval, Gustave KahnSymbolists
20.2%
1870-1920 A.D./ Zola, Edith Wharton, Stephen CraneNaturalism
19.3%
Informal group of friends including Swift, Pope, John Gay, John Arbuthnot, Henry St. John, & Thomas Parnell/The Memoirs of Martinus ScriblerusScriblerus Club
18.2%
Louis Zukofsky, Williams, Charles Reznikoff, George Oppen and Carl Rakosi, Basil BuntingObjective Poets
7.3%

You're not logged in!

Compare scores with friends on all Sporcle quizzes.
Join for Free
OR
Log In

You Might Also Like...

Show Comments

Extras

Top Quizzes Today


Score Distribution

Your Account Isn't Verified!

In order to create a playlist on Sporcle, you need to verify the email address you used during registration. Go to your Sporcle Settings to finish the process.

Report this User

Report this user for behavior that violates our Community Guidelines.

Details: